| 000 | 00445 a2200157 4500 | ||
|---|---|---|---|
| 040 |
_aDLC _bDLC |
||
| 082 | _a320.3 | ||
| 100 | _a Kesselman, Mark. | ||
| 245 |
_aIntroduction to comparative politics _cMark, Kesselman. |
||
| 250 | _a4th ed. | ||
| 260 |
_aIslamabad: _bNational Book Foundation, _c 2004. |
||
| 300 |
_axxiii, 682 p. : _bill. ; _c25 cm. |
||
| 500 | _aIncludes Index | ||
| 650 | _aComparative government. | ||
| 942 |
_cBK _k320.3 KES _2ddc |
||
| 999 |
_c7066 _d7066 |
||